00324nam a2200121Ia 4500008004100000041000800041082001400049100001400063245004300077260004100120300003000161365001100191240624s9999 xx 000 0 und d aeng a004.6 SAR aSARMA C R aCOMPUTER NETWORKS A PRAGMATIC APPROACH c2006aMumbaibJaico Publishing House avi, : 315 : p. : cm. ; 24 cRSb30